000 00292nam a22001337a 4500
008 170808b xxu||||| |||| 00| 0 eng d
020 _a9780132838733
041 _aeng
080 _29TH
_a004
100 _a34
101 _aSHK
245 _aTECHNOLOGY IN ACTION
_cEVANS,A
942 _2udc
_cBK
999 _c22886
_d22886